|
|
|
|
| LEADER |
01205Cam#a2200325#a#4500 |
| 001 |
022598 |
| 005 |
20160721160301.0 |
| 008 |
110404s2008||||mx # f#b #000|0#spa#d |
| 020 |
|
|
|a 9789689024729
|
| 040 |
|
|
|a AR-BeUNQ
|
| 082 |
0 |
4 |
|a 302.22
|2 21
|
| 245 |
1 |
3 |
|a Las claves necesarias de una comunicación para la democracia :
|b libro colectivo de la Asociación Mexicana de Investigadores de la Comunicación 2007
|c [coordinadores] Aimée Vega Montiel, Maricela Portillo y Jerónimo Repoll.
|
| 250 |
|
|
|a 1a. ed.
|
| 260 |
|
|
|a México :
|b Asociación Mexicana de Investigadores de la Comunicación,
|c 2008.
|
| 300 |
|
|
|a 389 p. ;
|c 21 cm.
|
| 504 |
|
|
|a Incluye bibliografía.
|
| 650 |
|
7 |
|a Medios de comunicación de masas
|2 spines
|
| 650 |
|
7 |
|a Democracia
|2 spines
|
| 650 |
|
7 |
|a Legislación
|2 spines
|
| 650 |
|
7 |
|a Radiodifusión
|2 toit
|
| 650 |
|
7 |
|a Prensa
|2 spines
|
| 650 |
|
7 |
|a Mujeres
|2 spines
|
| 650 |
|
7 |
|a Juventud
|2 toit
|
| 651 |
|
7 |
|a México
|2 spines
|
| 700 |
1 |
|
|a Vega Montiel, Aimée
|
| 700 |
1 |
|
|a Portillo, Maricela
|
| 700 |
1 |
|
|a Repoll, Jerónimo
|
| 929 |
|
|
|a DONACION
|b Proveniente de: Dto. de Ciencias Sociales
|d 0,00
|e 20110223
|f PAT0037210
|g P146
|j 46138
|
| 942 |
|
|
|c LIB
|n 0
|
| 999 |
|
|
|c 21643
|d 97030
|